000 00353nam a2200145 i 4500
001 bg
100 1 _aBOGUCKI, Zdzisław
245 0 _aKoncepcja Krajowego Systemu Informacyjnego /
_cZdzisław Bogucki.
260 _aWarszawa,
_c1974.
040 _cBPK
041 _apol
080 _a002.1
942 _cKS
008 s pl f |000 0 pol
999 _c16155
_d16155
856 _uhttp://koha.tu.koszalin.pl/cgi-bin/koha/opac-detail.pl?biblionumber=16155
_yKatalog online BPK